| 000 | 01611cam a2200277 4500 | ||
|---|---|---|---|
| 001 | ##L130669 | ||
| 002 | ##7954 | ||
| 008 | 050823n2005 000 0 eng u | ||
| 020 | _a185941897X | ||
| 035 | _a(Sirsi) u130669 | ||
| 041 | 0 | _aeng | |
| 050 | 0 | 4 | _a346.4104343 $2 18 |
| 100 | 1 | _aHewitson, Russell | |
| 245 | 0 | 0 | _aBusiness tenancies |
| 260 |
_aLondon _bCavendish Publishing Ltd _c2005 |
||
| 300 |
_axxxiv, 509 _c22cm |
||
| 350 | _a48.00 | ||
| 505 | 2 | _aWhat is a business lease? --Particular exceptions where the 1954 Act does not apply --Continuation of tenancies --Termination by the landlord --Termination and renewal by a tenant -- Service of notices and obtaining information -- The application to the court for a new tenancy -- The grounds of opposition -- The terms of the new tenancy -- Compensation for disturbance -- Compensation for improvements -- Crown tenancies | |
| 520 | _aDetailed and practical guide to all aspects of the law and procedure involved in the renewal of business tenancies under the Landlord and Tenant Act 1954. Contains relevant statutory provisions and key case law. Includes the reforms introduced by the Regulatory Reform (Business Tenancies) (England and Wales) Order 2003. Appendices. Tables of cases and statutes. | ||
| 520 | _aSupercedes earlier 2001 edition. | ||
| 590 | _aIKA081105 | ||
| 650 | 2 | 4 | _aLANDLORD AND TENANT ACT 1954 |
| 650 | 2 | 4 | _aREGULATORY REFORM (BUSINESS TENANCIES) (ENGLAND AND WALES) ORDER 2003 |
| 690 | _aPROPERTY-COMMERCIAL PROPERTY-LEASEHOLD COMMERCIAL PROPERTY-COMMERCIAL LANDLORD AND TENANT-BUSINESS TENANCIES | ||
| 942 | _n0 | ||
| 999 |
_c104511 _d104511 |
||